000 01267cam a2200157 4500500
005 20260405090627.0
041 _afre
042 _adc
100 1 0 _aEmmanuelli, Michèle
_eauthor
700 1 0 _aMenahem, Ruth
_eauthor
700 1 0 _aNayrou, Félicie
_eauthor
245 0 0 _aAmbivalence : L'amour, la haine, l'indifférence
260 _bPresses Universitaires de France,
_c2005.
520 _aLe terme d’ambivalence a été proposé par le psychiatre Eugen Bleuler pour décrire chez le schizophrène l’existence simultanée de sentiments contradictoires envers un objet ou une personne. Dans l’action, elle désigne la concurrence insoluble de deux tendances. Ce symptôme considéré alors comme majeur dans la schizophrénie peut se trouver présent dans d’autres expressions pathologiques. A suivre l’évolution du concept d’ambivalence depuis sa naissance chez Bleuler jusqu’à son dépassement et sa négation dans le fonctionnement schizophrénique chez les auteurs contemporains, en passant par les étapes du développement psychique normal et névrosé, on en saisit la nécessité pour la compréhension du fonctionnement mental.
856 4 1 _uhttps://shs.cairn.info/ambivalence--9782130554233?lang=fr&redirect-ssocas=7080
999 _c2206767
_d2206767